Sports Quiz

Random Sports or College Quiz

BCS Bowl Sponsors Quiz Stats

Quiz not verified by Sporcle

Challenge
Share
Tweet
Embed
Score 0/12 Timer 03:00
0 Plays Today
Bowl % Correct
Tostitos
95.8%
FedEx
74.2%
Allstate
65.5%
Nokia
56.5%
Citi
51.2%
AT&T
34.4%
Discover
31.5%
Vizio
22.9%
Sony/PlayStation 2
11.6%
Sunkist
8.2%
USF&G
7.6%
IBM
5.6%

You're not logged in!

Compare scores with friends on all Sporcle quizzes.
Sign Up with Email
OR
Log In

You Might Also Like...

Show Comments

Extras

Top Quizzes Today


Score Distribution

Your Account Isn't Verified!

In order to create a playlist on Sporcle, you need to verify the email address you used during registration. Go to your Sporcle Settings to finish the process.